Australian economic history review.

Bibliographic Details
Previous Title:Business archives and history
Uniform Title:Australian economic history review (Online)
Corporate Author: Economic History Society of Australia and New Zealand
Format: Journal
Language:English
Published: [Oxford] : Blackwell Publishers.
Subjects:
Online Availability: Check for online availability

MARC

Tag First Indicator Second Indicator Subfields
LEADER 00000cas a2200000 a 4500
001 in00001787828
005 20151025125213.0
006 m d
007 cr cn---------
008 020626c19679999enktr p sb 0 0eng d
010 |a  2002238661 
022 |y 0004-8992 
035 |a (OCoLC)ocm50066492 
040 |a IUL  |c IUL  |d OCLCQ  |d UtOrBLW 
042 |a lcd 
043 |a u-at--- 
049 |a TXAM 
050 1 4 |a HC601  |b .A82 
130 0 |a Australian economic history review (Online) 
245 1 0 |a Australian economic history review. 
246 1 3 |a AEHR 
246 3 0 |a A.E.H.R. 
264 1 |a [Oxford] :  |b Blackwell Publishers. 
310 |a Three issues a year 
336 |a text  |b txt  |2 rdacontent 
337 |a computer  |b c  |2 rdamedia 
338 |a online resource  |b cr  |2 rdacarrier 
362 1 |a Print began with vol. 7, no. 1 (Mar. 1967). 
500 |a Description based on: Volume 37, issue 1 (Mar. 1997); title from introductory page, viewed June 26, 2002. 
500 |a Latest issue consulted: Volume 42, issue 2 (June 2002). 
530 |a Also available in print. 
538 |a Mode of access: World Wide Web. 
550 |a Published by Blackwell Publishing on behalf of the Economic History Society of Australia and New Zealand. 
556 |a User's guide available online via World Wide Web. 
500 |a Electronic resource. 
650 0 |a Economic history  |v Periodicals. 
651 0 |a Australia  |x Economic conditions  |v Periodicals. 
710 2 |a Economic History Society of Australia and New Zealand. 
776 1 |t Australian economic history review  |x 0004-8992  |w (DLC) 68032233  |w (OCoLC)4814156 
780 0 0 |t Business archives and history 
891 2 0 |9 853  |8 1  |a v.  |b issue  |u 3  |v r  |i (year)  |j (month)  |w t  |x 03  |y pm03,07,11 
891 4 1 |9 863  |8 1.1  |a 37  |b 1  |i 1997  |j 03 
948 |a cataloged  |b h  |c 2003/11/13  |d c  |e bsurratt  |f 3:26:05 pm 
994 |a E0  |b TXA 
999 |a MARS 
999 f f |s 3c525f77-e8b1-322d-8fe4-0ec2af627579  |i 9c52dc15-1a87-3428-a351-288d47027829  |t 0 
952 f f |a Texas A&M University  |b College Station  |c Electronic Resources  |d Available Online  |t 0  |e HC601 .A82  |g Electronic  |h Library of Congress classification 
998 f f |a HC601 .A82  |t 0  |l Available Online